Psychológia v manažérskom rozhodovaní bakalárska práca

Uložené v:
Podrobná bibliografia
Hlavný autor: Podobová, Hana
Korporativný autor: Fakulta podnikového manažmentu EU. Katedra manažmentu
Ďalší autori: Suntingerová, Ľudmila
Médium: Kniha
Jazyk:Slovak
Vydavateľské údaje: Bratislava 2010
Tagy: Pridať tag
Žiadne tagy, Buďte prvý, kto otaguje tento záznam!

MARC

LEADER 00000nbm a2200000 4500
001 0133661
005 20161109111542.9
041 0 |a slo 
044 |a SK 
245 1 0 |a Psychológia v manažérskom rozhodovaní  |b bakalárska práca  |c Hana Podobová ; školiteľ: Ľudmila Suntingerová 
264 1 |a Bratislava  |c 2010 
300 |a 51 s. 
100 1 |a Podobová, Hana 
700 1 |a Suntingerová, Ľudmila 
710 2 |a Fakulta podnikového manažmentu EU. Katedra manažmentu